000 00587nai a2200181Ia 4500
003 IN-BaIIA
008 211028c9999 xx s 000 0 eng d
022 _a0926-6003 (Print)
022 _a1573-2894 (Online)
040 _cIIA Library
245 0 _aComputational Optimization and Applications
_h[eJournal]
260 _aNew York, USA
_bSpringer US
310 _a3/year
362 _a7(1); 1997 - Present
521 _bSubscribed through National Knowledge Resource Consortium (NKRC)
856 _uhttps://www.springer.com/journal/10589
_yClick Here to Access eJournal
942 _cEJ
999 _c34229
_d34229